| 000 | 00620nam a2200193Ia 4500 | ||
|---|---|---|---|
| 005 | 20260322212018.0 | ||
| 008 | data | ||
| 020 | _a0802860184 | ||
| 020 | _a9780802860187 | ||
| 040 |
_aVXM _cVXM _dBSC |
||
| 092 | _a244 L37 1989 | ||
| 100 | 1 |
_aLewis, C. S. _d1898-1963. _q(Clive Staples), |
|
| 245 | 1 | 4 |
_aThe pilgrim's regress : _ban allegorical apology for Christianity, reason, and romanticism / _cC. S. Lewis. |
| 260 |
_aGrand Rapids : _bEerdmans, _c1979. |
||
| 300 |
_a199 p. : _bmap. ; _c20 cm. |
||
| 500 | _a"1st Eerdmans pocket edition, 1958; reprinted 1979." | ||
| 650 | 0 |
_aChristian life _xAnglican authors. |
|
| 001 | data | ||
| 999 |
_c399 _d399 |
||